|
|
|
|
| LEADER |
00000cam a2200000 7i4500 |
| 001 |
0000017072 |
| 005 |
20061004.0 |
| 040 |
|
|
|a INS
|
| 090 |
0 |
0 |
|a G8033.K4
|b KLA PT
|
| 245 |
1 |
0 |
|a Klang Valley (Kuala Lumpur Conurbation) 2006 [
|h map]
|c Ho Chin Soon
|
| 260 |
|
|
|a Kuala Lumpur :
|b Ho Chin Soon Research Sdn. Bhd. ,
|c 2006
|
| 300 |
|
|
|a 1 wall map :
|b col. ;
|c 5.5 x 7 ft.
|
| 650 |
0 |
0 |
|a Maps
|
| 650 |
0 |
0 |
|a Topographic maps
|
| 651 |
|
0 |
|a Kuala Lumpur (Wilayah Persekutuan)
|x Maps
|
| 710 |
1 |
|
|a Ho Chin Soon Research Sdn. Bhd.
|
| 999 |
|
|
|a 0000016827
|b MAPS
|c Map Collection
|e Default branch
|
| 999 |
|
|
|a 000016826a
|b MAPS
|c Map Collection
|e Default branch
|